000
00301nam a22001217a 4500
003
OSt
008
250128b |||||||| |||| 00| 0 eng d
041
_a
eng
100
_a
Barlee Thomas
_9
7018
245
_a
Introduction to Computer Science
260
_b
Mc Graw Hill and Company Ltd,
_c
1983.
942
_c
BK
999
_c
19170
_d
19170